000
00294nam a2200097Ia 4500
082
_a
J 793.74 VAN
245
0
_a
Syferspeletjies : kopkrap-plesier vir 'n ieder en 'n elk
100
_a
VAN WYK, P J. Pretoria, 1989
_9
98834
942
_c
BK
008
210817s9999 xx 000 0 und d
999
_c
419643
_d
419642